Statistics for World Capitals Boggle (Quizzer6794 edition)

Click here to take the quiz!

General Stats

  • This quiz has been taken 593 times
    (579 since last reset)
  • The average score is 7 of 18

Answer Stats

CountryCapital% Correct
UkraineKiev
70%
BangladeshDhaka
69%
LatviaRiga
54%
SenegalDakar
51%
South SudanJuba
49%
PeruLima
47%
TurkeyAnkara
45%
ZambiaLusaka
42%
AzerbaijanBaku
40%
QatarDoha
36%
LiechtensteinVaduz
35%
East TimorDili
34%
MaldivesMalé
34%
AngolaLuanda
30%
AfghanistanKabul
28%
Saudi ArabiaRiyadh
27%
JordanAmman
26%
YemenSana'a
22%

Score Distribution

Percentile by Number Answered

Percent of People with Each Score

Your Score History

You have not taken this quiz since the last reset